000 00291nam a22001217a 4500
020 _a978-1-84205-675-2
082 _a823
_bGED/S
100 _aGEDDES & GROSSET
245 _aSIMPLY DREADFUL JOKES
260 _aSCOTLAND
_bGEDDES & GROSSET
_c2010
650 _aJOKES
_zUNITED KINGDOM
942 _cBK
999 _c5728
_d5728